| 000 | 00893nam2a2200253 4500 | ||
|---|---|---|---|
| 001 | rc\3037637 | ||
| 005 | 20260315065414.0 | ||
| 035 | _a(NLR Aleph) 007178109 | ||
| 090 |
_a13622298 _c13622298 |
||
| 100 | _a20111004d1936 u y0rusy50 ca | ||
| 101 | 0 | _arus | |
| 102 | _aRU | ||
| 105 | _aa z ||||| | ||
| 200 | 0 |
_aВып. 4 _fК. Лан и Е. Паин. 33 затеи |
|
| 210 | _d1936 | ||
| 215 |
_a32 с. _cкрас. ил. |
||
| 461 | 0 |
_1001rc\3037633 _12000#$a33 затеи$eДля мл. возраста$fМ. Гершензон$gРис. худож. Ф. Кондратова$vВып. 4 _97413896 _c[Москва] _d1935 _fМ. Гершензон _nДетгиз _oДля мл. возраста _t33 затеи _vВып. 4 |
|
| 700 | 1 |
_aЛан _bК. |
|
| 701 | 1 |
_aПаин _bЕ. |
|
| 801 | 0 |
_aRU _bNLR _gpsbo |
|
| 801 | 1 |
_aRU _bELAR _2rusmarc |
|
| 852 |
_aNLR _j36-19/52(4) |
||
| 942 | _cUNSPEC | ||
| 980 | _aNB | ||